Hercule Poirot en images - Statistiques

Statistiques générales
  • Ce quiz a été pris 54 fois
  • Le résultat moyen est 9 sur 12
Statistiques - réponses
Par images Hint Réponse % Correct
Autrice de l'oeuvre Agatha Christie
100%
Nationalité du personnage Belge
100%
Métier Détective
96%
Le seul pays d'Afrique qu'il a visité Égypte
94%
Chapeau que porte Hercule Poirot Homburg/Fedora/Melon
92%
Nom du meilleur ami de Hercule Poirot Arthur Hastings
76%
Religion Catholique
74%
A la suite de quel événement s'est-il réfugié au Royaume-Uni ? Première guerre mondiale/Invasion de la Belgique par l'Allemagne
74%
Secrétaire Miss Lemon
68%
Inspecteur Inspecteur Japp
66%
Nom du premier livre où il apparaît La Mystérieuse Affaire de Styles
46%
Île sur laquelle Hercule Poirot passe ses vacances en 1941 Île balnéaire du Devon
4%
Aucun quiz correspondant
Distribution des résultats
% des personnes avec chaque résultat
Percentile par nombre de réponses
Votre historique - résultats
Vous n’avez pas pris ce quiz